| 000 | 00536nam a2200193Ia 4500 | ||
|---|---|---|---|
| 003 | OSt | ||
| 005 | 20201006123315.0 | ||
| 008 | 190216s9999||||xx |||||||||||||| ||und|| | ||
| 020 | _a9780070593749 | ||
| 040 | _coclc | ||
| 082 |
_a004 _bNOR/I |
||
| 100 |
_aNorton, Peter _95355 |
||
| 245 | 0 |
_aIntroduction To Computers / _cPeter Norton |
|
| 250 | _a6th Ed. | ||
| 260 |
_bTata Mcgraw -hill Publishing, _c2009. _aNew Delhi: |
||
| 300 | _a609p | ||
| 650 | _aComputer | ||
| 942 |
_cBK _2ddc _h004 _iNOR/I _k004 _mNOR/I |
||
| 999 |
_c32237 _d32237 |
||